| 000 | 00636pam a2200217 a 4500 | ||
|---|---|---|---|
| 001 | 3014707 | ||
| 005 | 20240222054323.0 | ||
| 008 | 940602s1994 enk b 001 0 eng | ||
| 020 | _a041509982X | ||
| 040 |
_aDLC _cDLC _dDLC |
||
| 082 | 0 | 0 |
_a320.5 _220 _bPOL. |
| 245 | 0 | 0 |
_aPolitical ideologies : _ban introduction / _cRobert Eccleshall ... [et al.]. |
| 250 | _a2nd ed. | ||
| 260 |
_aLondon : _aNew York : _bRoutledge, _c1994. |
||
| 300 | _a301 p. ; | ||
| 650 | 0 | _aPolitical science. | |
| 650 | 0 | _aIdeology. | |
| 700 | 1 |
_aEccleshall, Robert. _eedt |
|
| 856 | 4 | 2 | _uhttp://www.loc.gov/catdir/enhancements/fy0648/94021697-d.html |
| 942 | _cL | ||
| 999 |
_c477 _d477 |
||